00678nam a2200241 a 4500001001300000003000900013005001700022008004100039020001000080082001600090100002800106245001700134260003800151300000900189500003500198505001000233650001800243700002800261902000800289942000700297952011700304999001500421nice12345678IN_TiNIC20260116012414.0050524s1955 lona grp 000 0 eng  ac10000a220.09bEYR aEyre And Spottiswoode,  aBible Today. aLondonbEyre & Spottiswoodec1955 a208p aincludes index and biblioraphy2 aIndex aBible-History1 aEyre And Spottiswoode,  bSRS cBK 001040708StackRoom-aHMIbHMId2007-06-15g100.00l0o220.09 EYRp010563r2007-06-15v100.00w2005-05-24yBK c6891d6891